000 00558nam a2200181 a 4500
001 000048119
005 20201002060931.0
008 181116s2013 xxu 000 j spa d
020 _a9781481838764
040 _aDO-SdBNP
_bspa
_cBNPHU
082 _axxxx
_bC957f
100 1 _aCruz, Eramis
_928488
245 1 3 _aLa fortuna ignorada :
_bcuentos /
_cEramis Cruz.
260 _aEstados Unidos de América :
_bs. n.,
_c2013.
300 _a131 p. ;
_c22 cm.
590 _aInventariado, 2018/LP
500 _aIncluye datos del autor en la solapa de la contracubierta
999 _c47607
_d47607